Normal view
MARC view
- Pervaiz K. Ahmad
Entry Personal Name
001 - CONTROL NUMBER
- control field: 125196
003 - CONTROL NUMBER IDENTIFIER
- control field: NUST
005 - DATE AND TIME OF LATEST TRANSACTION
- control field: 20240819121952.0
008 - FIXED-LENGTH DATA ELEMENTS
- fixed length control field: 240819|| aca||aabn | a|a d
040 ## - CATALOGING SOURCE
- Original cataloging agency: NUST
- Transcribing agency: NUST
100 ## - HEADING--PERSONAL NAME
- Personal name: Pervaiz K. Ahmad
670 ## - SOURCE DATA FOUND
- Source citation: Work cat.: (NUST): Pervaiz K. Ahmad, , Learning through Knowledge Management, 2002.
